01374nam a2200205Ia 4500008004100000040002300041044000700064082001700071100001700088245011900105246009500224260002700319300002900346505059100375650003400966655002001000942001601020999001801036952011401054220107t1969||||xx |||||||||||||| ||und|| aBoOrUTOFebEscUTO aES aEco 658bP32 aPayne, Bruce 0aPlanificación a largo plazo y crecimiento de la empresa. La guía del ejecutivo para una planificación eficaz a Long-term planning and growth of the company. The executive's guide to effective planning aBilbao:bDeusto,c1969 a242p.bgraf; tab.c21 cm aLa necesidad de una planificación a largo plazo, organización de la planificación a largo plazo, establecer objetivos a largo plazo, objetivos a corto plazo como parte de un plan a largo plazo, el plan de "marketing", planificación de nuevos productos, planificación de la investigación y desarrollo, planificación a largo plazo de la fabricación, organización del equipo directivo para la expansión de la empresa, planificación financiera, planificación internacional, cómo hacer que la planificación a largo plazo se convierta en una operación práctica aPlanificación a largo plazo aLibros de Texto cLIzFCEFA53 c4967d4967x1 00102ddc4070aUTObUTOc1d2022-01-08i3724oEco 658/P32p3724r2024-02-01 00:00:00tEj. 1w2022-01-08yLI